000 00587nam a2200193 i 4500
001 29248
003 ES-MaACL
005 20230906154010.0
007 t|
008 030121s1973 sp ||||1| cat d
100 1 _aBallester, Alexandre.
_924996
245 1 0 _aDins un gruix de vellut
_b: (facem comedia) : farsa en tres actes /
_cAlexandre Ballester.
260 _aPalma de Mallorca :
_bMoll,
_c1973.
300 _a112 p. ;
_c16 cm.
490 1 _aLes illes d'or ;
_v105
830 0 _aLes illes d'or ;
_v105
_9182980
852 _aES-MaACL
_jC-53623
_bR.86255
999 _c29248
_d29248